000 00702nam a2200265Ia 4500
003 OSt
005 20220918202002.0
006 a|||||r|||| 00| 0
007 ta
008 220917b |||||||| |||| 00| 0 eng d
024 _a97,920
037 _cTextual
040 _aARTS
_cARTS
_beng
041 _2eng
_aeng
082 _aV2:2:N7, L2;M2-;1
100 _aGupta D C
245 0 _aIndian government and politics 1947--1981
250 _a5th
260 _aDelhi
_bVikas Publication House
_c1982
300 _avii, 672p.
_ccm.
500 _aBibliography p653--666
650 _aHISTORY
942 _hV2:2:N7, L2;M2-;1
_cTEXL
_2CC
999 _c221514
_d221514